Nhà nước và pháp luật
Những bài nói, bài viết của Chủ tịch Hồ Chí Minh về chính quyền Nhà nước, bạo lực cách mạng, vai trò quần chúng, luật pháp, hiến pháp từ 1919-1969
Đã lưu trong:
| Tác giả chính: | |
|---|---|
| Định dạng: | Sách |
| Ngôn ngữ: | Vietnamese |
| Được phát hành: |
H.
Pháp lý
1985
|
| Những chủ đề: | |
| Các nhãn: |
Thêm thẻ
Không có thẻ, Là người đầu tiên thẻ bản ghi này!
|
| Thư viện lưu trữ: | Mạng thư viện Đại học Đà Nẵng |
|---|
| LEADER | 01254nam a22003498a 4500 | ||
|---|---|---|---|
| 001 | 000007565 | ||
| 003 | 3728 | ||
| 005 | 20111006151042.0 | ||
| 008 | 111006s1985 b 000 0 vieod | ||
| 020 | |c 1800đ |d 6200b | ||
| 041 | 0 | |a vie | |
| 082 | |a 335.5 |b HÔ-M | ||
| 084 | |a A17 |b NH100N | ||
| 100 | 1 | |a Hồ Chí Minh | |
| 245 | 1 | 0 | |a Nhà nước và pháp luật |c Hồ Chí Minh |
| 260 | |a H. |b Pháp lý |c 1985 | ||
| 300 | |a 354 tr |c 20 cm | ||
| 520 | |a Những bài nói, bài viết của Chủ tịch Hồ Chí Minh về chính quyền Nhà nước, bạo lực cách mạng, vai trò quần chúng, luật pháp, hiến pháp từ 1919-1969 | ||
| 653 | |a Chính quyền nhà nước | ||
| 653 | |a Luật pháp | ||
| 653 | |a Hiến pháp | ||
| 910 | |a Nguyễn Thị Kim Oanh |d 06/10/2011 | ||
| OWN | |a LSP | ||
| AVA | |a UDN50 |b LSP |d 335.5 HÔ-M |e available |t Error 5001 Not defined in file expand_doc_bib_avail. |f 2 |g 1 |h N |i 1 |k 1 | ||
| 999 | |a From the UDN01 | ||
| AVA | |a UDN50 |b LSP |d 335.5 HÔ-M |e available |t Error 5001 Not defined in file expand_doc_bib_avail. |f 2 |g 1 |h N |i 1 |k 1 | ||
| TYP | |a Monograph | ||
| TYP | |a Printed language | ||
| 980 | |a Mạng thư viện Đại học Đà Nẵng | ||